000 00201pam a2200097 a 4500
020 _c
041 _aeng
100 _aMicrosoft .
245 _aPerformance Testing NET
_hTextual Documents
930 _a7342
999 _c84253
_d84253